| 000 | 00959nam a22002537a 4500 | ||
|---|---|---|---|
| 001 | 828 | ||
| 003 | BD-RjUL | ||
| 005 | 20211208233233.0 | ||
| 008 | 131123t19921990ii |||| |||| 001 0 eng d | ||
| 020 | _a0876927266 | ||
| 035 | _a(BD-RjUL)848 | ||
| 040 |
_aBD-RjUL _beng _cBD-RjUL |
||
| 041 | _aeng | ||
| 082 |
_220 _a005.43 _bUNI 1992 |
||
| 110 | 2 |
_aUNIX System Laboratories. _91154 |
|
| 245 | 0 |
_aUNIX System V/386, release 4. : _bproduct overview and master index / _cby UNIX System Laboratories. |
|
| 260 |
_aNew Delhi : _bPrentice-Hall of India Private Ltd. ; _c1992. |
||
| 300 |
_a1 v. (various pagings) ; _c24 cm. |
||
| 490 | _aAT&T UNIX system V, release 4. | ||
| 500 | _a"Indian reprint"--T.p. verso. "Complete and unabridged photo-offset reproduction of the latest American edition"--T.p. verso. At head of title: AT&T. "UNIX Press"--P. [4] of cover. | ||
| 504 | _aIncludes index. | ||
| 650 | 0 |
_aUNIX System V _vComputer file _92468 |
|
| 942 |
_2ddc _cBK |
||
| 999 |
_c828 _d828 |
||